| 000 | 00510nam a2200181Ia 4500 | ||
|---|---|---|---|
| 999 |
_c5164 _d5164 |
||
| 003 | GBCCL | ||
| 005 | 20241126110535.0 | ||
| 008 | 180301b ||||| |||| 00| 0 eng d | ||
| 020 | _a0802444644 | ||
| 040 | _cgbc | ||
| 082 |
_a220.07 _a224.1061 _bJEN |
||
| 100 |
_aJensen, Irving L. _97323 |
||
| 245 |
_aIsaiah & Jeremiah : _ba self study guide |
||
| 260 |
_bMoody press, _aChicago : _c1968 |
||
| 300 | _a107p. ; | ||
| 650 |
_aBible _vIsaiah & Jeremiah _xCriticism, interpretation, etc _99300 |
||
| 942 |
_2ddc _cBK _03 |
||